000 00448nam a2200133Ia 4500
008 231129s2003||||xx |||||||||||||| ||spa||
020 _a958-96879-8-9
040 _bspa
082 _a340.02 A168
245 0 _aLa Academia Responde: Repertorio de conceptos 1991-2002 / Emilssen González de Cancino... /et al.
260 _c2003
264 _aEdiciones Academia Colombiana de Jurisprudencia
942 _2ddc
_cBKS
999 _c16360
_d16360